000 01194nam a2200205Ia 4500
003 Ost
005 20260507075430.0
008 260507s9999||||xx |||||||||||||| ||und||
040 _cfsecg
041 _aara
082 _a658.8
100 _aالبكري، ثامر
_eمؤلف
245 0 _aتسويق الخدمات المالية /
_c ثامر البكري
260 _aعمان:
_bاثراء للنشر و التوزيع,
_c2008
300 _a352 صفحة؛
_bإيضاحات ؛
_c25 سم
520 _aيضم مدخل في التسويق، قسم التسويق في الشركات المالية، مدخل في تسويق الخدمات المالية، البيئة التسويقية الأردنية للخدمات المالية، سلوك المستهلك، نظام المعلومات التسويقي المالي، استراتيجية تسويق الخدمات المالية، المنتج (الخدمة) المالية التوزيع للخدمات المالية، الاتصالات التسويقية(الترويج) للخدمات المالية، تسيير الخدمات المالية
653 _aالتسويق
653 _aالتمويل
942 _cكتاب
999 _c44510
_d44510